| 000 | 00660nam a22001935i 4500 | ||
|---|---|---|---|
| 001 | 161331 | ||
| 003 | ES-MaACL | ||
| 005 | 20250809024233.0 | ||
| 008 | 980720s1843 sp |||| | spa d | ||
| 040 |
_aCCPB | B _bspa _cCCPB | B |
||
| 100 | 1 |
_aPando, José María de. _9130813 |
|
| 245 | 1 | 0 |
_aElementos del Derecho Internacional / _cObra póstuma de José María de Pando. |
| 260 |
_aMadrid : _b[s.n.], _c1843 ( _fImprenta de Alegría y Charlain) |
||
| 300 |
_aVI, [2], LXXXIV, 700 p. ; _c27 cm. |
||
| 650 | 7 |
_aDerecho internacional _2embne _911717 |
|
| 752 |
_aEspaña - _dMadrid |
||
| 852 |
_aES-MaACL _jG-7893 _z-- Enc. hol. |
||
| 999 |
_c161331 _d161331 |
||